| 000 | 00321nam a22001217a 4500 | ||
|---|---|---|---|
| 020 | _a0201419750 | ||
| 082 |
_222 _a005.133 |
||
| 100 | _aHall, Joseph and Schwartz, Randal L. | ||
| 245 | _aEffective Perl programming / | ||
| 260 |
_aUSA, _bAddison Wesley, _cc1998. |
||
| 300 |
_axiv, 273p. ; _bill. ; _c23 cm. |
||
| 942 |
_2ddc _cIT |
||
| 999 |
_c1795 _d1795 |
||